|
|
|
|
| LEADER |
00712cam a2200193 a 4500 |
| 001 |
0000122320 |
| 005 |
20100404090000.0 |
| 008 |
900515s1990 enkab b 001 0 eng |
| 040 |
|
|
|a mod
|
| 020 |
|
|
|a 0853689679 :
|c $19.95 (U.S.)
|
| 090 |
0 |
0 |
|a 952.20
|
| 100 |
1 |
|
|a Turnbull
|h Stephen R.
|
| 245 |
1 |
4 |
|a The lone samurai and the martial arts
|c Stephen Turnbull.
|
| 260 |
|
|
|a London
|b Arms and Armour
|a New York, NY
|b Distributed in the USA by Sterling Pub. Co.
|c 1990.
|
| 300 |
|
|
|a 159 p.
|b ill., map
|c 26 cm.
|
| 504 |
|
|
|a Includes bibliographical references (p. [156]) and index.
|
| 650 |
0 |
0 |
|a Samurai.
|
| 650 |
0 |
0 |
|a Martial arts
|z Japan
|x History.
|
| 999 |
|
|
|a B000009936
|b PULAPOT
|d BOOKS
|e Umum
|f PULAPOT
|j AVAILABLE
|q GOOD CONDITION
|